000 00632nam a2200229Ia 4500
003 OSt
005 20221007063446.0
006 a|||||r|||| 00| 0
007 ta
008 221006b |||||||| |||| 00| 0 eng d
024 _a27,835
037 _cTextual
040 _aFLL
_cFLL
_beng
041 _2eng
_aeng
082 _aZ73:166qN7, K7
100 _aMacLachlan James Angell
_9684317
245 0 _aBankruptcy act
260 _aBrooklyn
_bThe Foundation Press, Inc. Brooklyn
_c1967
300 _avii,484p
_ccm.
942 _hZ73:166qN7, K7
_cTEXL
_2CC
999 _c1131313
_d1131313